Vplyv vysokorýchlostného frézovania na obrobený povrch
Gespeichert in:
| 1. Verfasser: | |
|---|---|
| Weitere Verfasser: | |
| Format: | Manuskript Buch |
| Sprache: | Englisch |
| Veröffentlicht: |
Trnava :
STU v Bratislave MTF UVTE KOM,
2012
|
| Schlagworte: | |
| Online-Zugang: | VAIS |
| Tags: |
Keine Tags, Fügen Sie das erste Tag hinzu!
|
MARC
| LEADER | 00000ntm a22000003a 4500 | ||
|---|---|---|---|
| 001 | stu253844 | ||
| 005 | 20160719160708.5 | ||
| 008 | 120831s2012----xo------------------eng-d | ||
| 040 | |a STU |b slo | ||
| 041 | 0 | |a eng | |
| 044 | |a xo | ||
| 100 | 1 | |a Kazik, Peter, |d 1972- |4 aut |X 31626 |7 A000031626 | |
| 242 | 0 | 0 | |a Influence of high-speed milling to machined surface |y eng |
| 245 | 1 | |a Vplyv vysokorýchlostného frézovania na obrobený povrch | |
| 260 | |a Trnava : |b STU v Bratislave MTF UVTE KOM, |c 2012 | ||
| 300 | |a 59s |c CD ROM | ||
| 650 | 7 | |a surface |2 estusub | |
| 650 | 7 | |a milling |2 estusub | |
| 650 | 7 | |a drsnosť povrchu |2 stusub | |
| 650 | 7 | |a drsnosť |2 stusub | |
| 650 | 7 | |a frézovanie |2 stusub | |
| 650 | 7 | |a obrábanie a montáž |2 stusub | |
| 650 | 7 | |a Machining and Assembly |2 estusub | |
| 700 | 1 | |a Šebeň, Matej, |d 1987- |4 ths |X 37005 |7 A000037005 | |
| 856 | 4 | |a info a plný text |u http://is.stuba.sk/zp/portal_zp.pl?podrobnosti=67856 |3 VAIS | |
| 996 | |c M*DP-10945 |l MMSKP |s P |a 0 |w stu253844_0001 | ||